Entry Nombre personal
001 - NÚMERO DE CONTROL
- campo de control: 37780
003 - IDENTIFICADOR DEL NÚMERO DE CONTROL
- campo de control: BNPHU
005 - FECHA Y HORA DE LA ÚLTIMA TRANSACCIÓN
- campo de control: 20240307183814.0
008 - DATOS DE LONGITUD FIJA
- campo de control de longitud fija: 200615|| aca||aabn | a|a d
010 ## - NÚMERO DE CONTROL DE LA BIBLIOTECA DEL CONGRESO
- Número de control de LC: n 82033433
040 ## - FUENTE DE LA CATALOGACIÓN
- Centro catalogador/agencia de origen: DO-SdBNP
- Lengua de catalogación: spa
- Centro/agencia transcriptor: BNPHU
- Normas de descripción: rda
100 1# - ENCABEZAMIENTO-NOMBRE DE PERSONA
- Nombre de persona: Matos G., Ramiro
- Forma completa/desarrollada del nombre: (Matos González)
- Fechas asociadas al nombre: 1927-
370 ## - LUGAR ASOCIADO
- Lugar de nacimiento: Azua (Pública Dominicana)
374 ## - OCUPACIÓN
- Ocupación: Mayor General (Retirado)
375 ## - GÉNERO/SEXO
- Género/Sexo: Masculino
377 ## - LENGUA/LENGUAJE ASOCIADO
- Código del idioma: spa
378 ## - FORMA COMPLETA/DESARROLLADA DEL NOMBRE
- Forma completa/desarrollada del nombre: Matos González
400 1# - TRAZADO DE VÉASE--NOMBRE DE PERSONA
- Nombre de persona: González, Ramiro Matos
400 1# - TRAZADO DE VÉASE--NOMBRE DE PERSONA
- Nombre de persona: Matos G., Ramiro
- Fechas asociadas al nombre: 1927-
- Forma completa/desarrollada del nombre: (Matos González),
400 1# - TRAZADO DE VÉASE--NOMBRE DE PERSONA
- Nombre de persona: Matos González, Ramiro
400 1# - TRAZADO DE VÉASE--NOMBRE DE PERSONA
- Nombre de persona: Matos, Ramiro
670 ## - FUENTE DE DATOS ENCONTRADOS
- Cita de la fuente: Matos González, Ramiro, Curso elemental de lectura de cartas /, 1971.
670 ## - FUENTE DE DATOS ENCONTRADOS
- Cita de la fuente: Las campañas mil. de la ind. dom., 1844-1856, 1981
670 ## - FUENTE DE DATOS ENCONTRADOS
- Cita de la fuente: La campañas militares de la independencia dominicana ... 1980
670 ## - FUENTE DE DATOS ENCONTRADOS
- Cita de la fuente: Hermann, H. El guerrillero y el general, 1989
670 ## - FUENTE DE DATOS ENCONTRADOS
- Identificador Uniforme del Recurso: https://viaf.org/processed/LC%7Cn%20%2082033433
